Introduction to health care finance and accounting / (Record no. 18616)

MARC details
000 -LEADER
fixed length control field 01052nam a22003138a 4500
001 - CONTROL NUMBER
control field 016068200
003 - CONTROL NUMBER IDENTIFIER
control field OSt
005 - DATE AND TIME OF LATEST TRANSACTION
control field 20141113150948.0
008 - FIXED-LENGTH DATA ELEMENTS--GENERAL INFORMATION
fixed length control field 120405t2013 at adk frbd 001 0 eng d
020 ## - INTERNATIONAL STANDARD BOOK NUMBER
International Standard Book Number 9781133284451 (pbk.)
020 ## - INTERNATIONAL STANDARD BOOK NUMBER
International Standard Book Number 1133284450 (pbk.)
040 ## - CATALOGING SOURCE
Original cataloging agency StDuBDS
Language of cataloging eng
Transcribing agency StDuBDS
Modifying agency EG-ScBUE
043 ## - GEOGRAPHIC AREA CODE
Geographic area code n-us---
082 00 - DEWEY DECIMAL CLASSIFICATION NUMBER
Classification number 362.10973
Edition number 22
Item number HAR
100 1# - MAIN ENTRY--PERSONAL NAME
Personal name Harrison, Carlene
9 (RLIN) 36530
245 10 - TITLE STATEMENT
Title Introduction to health care finance and accounting /
Statement of responsibility, etc Carlene Harrison, William Harrison.
250 ## - EDITION STATEMENT
Edition statement International ed.
260 ## - PUBLICATION, DISTRIBUTION, ETC. (IMPRINT)
Place of publication, distribution, etc [Canberra] :
Name of publisher, distributor, etc Delmar Cengage Learning,
Date of publication, distribution, etc c.2013.
300 ## - PHYSICAL DESCRIPTION
Extent xxii, 261 p. :
Other physical details charts, forms, tables ;
Dimensions 25 cm.
500 ## - GENERAL NOTE
General note Glossary : p. 249-256.
500 ## - GENERAL NOTE
General note Index : p. 257-261.
504 ## - BIBLIOGRAPHY, ETC. NOTE
Bibliography, etc Bibliography : p. 245-247.
650 #0 - SUBJECT ADDED ENTRY--TOPICAL TERM
Topical term or geographic name as entry element Medical care
Geographic subdivision United States
General subdivision Finance
9 (RLIN) 36531
650 #0 - SUBJECT ADDED ENTRY--TOPICAL TERM
Topical term or geographic name as entry element Medical care
Geographic subdivision United States
General subdivision Accounting
9 (RLIN) 36532
653 ## - INDEX TERM--UNCONTROLLED
Resource For college BAEPS, Business Administration
Arrived date list November2014
655 ## - INDEX TERM--GENRE/FORM
Form subdivision
-- 34232
700 1# - ADDED ENTRY--PERSONAL NAME
Personal name Harrison, William
9 (RLIN) 36533
942 ## - ADDED ENTRY ELEMENTS (KOHA)
Source of classification or shelving scheme Dewey Decimal Classification
Call number prefix 362.10973 HAR
Holdings
Withdrawn status Item status Source of classification or shelving scheme Damaged status Not for loan Vendor Home library Current library Shelving location Date acquired Source of acquisition Cost, normal purchase price Serial Enumeration / chronology Total Checkouts Total Renewals Full call number Barcode Date last seen Date last borrowed Cost, replacement price Koha item type
    Dewey Decimal Classification     Baccah Central Library Central Library First floor 13/11/2014   231.00 20677 1 7 362.10973 HAR 000036996 15/07/2025 15/02/2016 288.75 Book - Borrowing